000 00509nam a2200193 a 4500
001 1771335785700
003 YourLibrary
005 20260220132758.0
008 260217s2003##################000#0#eng##
020 _a9780521831567
082 0 4 _a320.1
_bSKI
100 1 _aSkinner, Quentin,
_eauthor.
245 1 0 _aStates and Citizens :
260 _bCambridge University Press,
_c2003.
300 _a244 pages
650 0 _aPolitical Science.
942 _cENGLISH
040 _aYourLibrary
_beng
_cYourLibrary
999 _c614258
_d614258